000 01289nam a2200301Ia 4500
001 11096
003 IT-RoPAU
008 130308s9999 xx 000 0 und d
040 _aIT-RoPAU
040 _cIT-RoPAU
041 _aITALIANO
100 _aCosta Giovanni
100 _gCodice Aut. SPICS: 7758
245 _aDisciplina giuridica del giornanlismo (4 parti)
245 _bCorso superiore di Giornalismo-1
250 _a1a ed.
260 _aROMA
260 _bAccademia
260 _c1977 [1° Ed.:1977 - Ed.Ling.Originale:1977]
300 _a"144 p. (prefazione: no ; testo: 144)"
500 _aProfessione del giornalista Dall'Albo all'ordine dei giornalisti Ordinamento Professionale Come si Diventa giornalisti Etica Professionale Organizzazione sindacale e Previdenziale legislazione Sulla Stampa Articolo 21 della costituzione Fascismo contro la Stampa Ripristino della Democrazia legge Sulla Stampa del 1948 Diritto penale e Stampa Limiti Ai Diritti di Espressione Reati di Stampa Reati di Opinione Reati di Cronaca Reati di Diffamazionediritto Civile e Stampa Diritto d'autore Contratto di Edizione Plagio
650 _aREGIA DELLA STAMPA DI MASSA
650 _eCodice materia Spics: 6653
942 _cBK
957 _71
999 _c49643
_d49643
999 _bSI
999 _g1